Based on a Book? - Statistics

General Stats
  • This quiz has been taken 28 times
  • The average score is 4 of 14
Answers on the Grid
Answers color-coded by a green-red scale on the quiz's grid according to % correct below.
One Flew Over the Cuckoo's Nest
Taken
Ace Ventura: Pet Detective
You Only Live Twice
Confess, Fletch
Rock 'N' Roll High School
The Godfather
The Princess Bride
The Thing
The Shawshank Redemption
Memento
Die Hard
Back to the Future
Raiders of the Lost Ark
V for Vendetta
Diamonds Are Forever
Murder on the Orient Express
The Dark Crystal
Harry Potter and the Chamber of Secrets
Clue
Licence to Kill
The Wizard of Oz
12 Angry Men
Dead Again
The Usual Suspects
The Dark Knight
Chinatown
Saving Private Ryan
 
Answer Stats
Answer % Correct
Harry Potter and the Chamber of Secrets
60%
Murder on the Orient Express
60%
One Flew Over the Cuckoo's Nest
60%
Confess, Fletch
40%
The Princess Bride
40%
Die Hard
20%
The Dark Knight
20%
The Godfather
20%
The Shawshank Redemption
20%
The Thing
20%
The Wizard of Oz
20%
V for Vendetta
20%
You Only Live Twice
20%
Diamonds Are Forever
0%
No matching quizzes found
Score Distribution
Percent of People with Each Score
Percentile by Number Answered
Your Score History
You have not taken this quiz